LEADER 01092nam2-2200373---450- 001 990003154200203316 005 20081001114505.0 035 $a000315420 035 $aUSA01000315420 035 $a(ALEPH)000315420USA01 035 $a000315420 100 $a20081001d1974----km-y0itay50------ba 101 $aeng 102 $aIT 105 $a||||||||001yy 200 1 $a<<2.>> : Addenda et corrigenda$fMario Praz$cChronological list of emblem books$fHilary M. J. Sayles 210 $aRoma$cEdizioni di Storia e Letteratura$d1974 215 $a108 p.$cill.$d26 cm 225 2 $aSussidi eruditi$v17 410 0$12001$aSussidi eruditi$v17 454 1$12001 461 1$1001000315416$12001 606 0 $aLibri di emblemi$xBibliografia$zSec. 17. 676 $a016 700 1$aPRAZ,$bMario$011364 702 1$aSAYLES,$bHilary M. J. 801 0$aIT$bsalbc$gISBD 912 $a990003154200203316 951 $aV B PRA 1 II$b874 DBC$cV B 959 $aBK 969 $aDBC 979 $aDBC$b90$c20081001$lUSA01$h1145 996 $aAddenda et corrigenda$91018150 997 $aUNISA LEADER 02833oam 2200673I 450 001 9910463037503321 005 20200520144314.0 010 $a0-203-80283-7 010 $a1-136-62955-6 024 7 $a10.4324/9780203802830 035 $a(CKB)2670000000358947 035 $a(EBL)1192415 035 $a(SSID)ssj0000905883 035 $a(PQKBManifestationID)11492816 035 $a(PQKBTitleCode)TC0000905883 035 $a(PQKBWorkID)10926392 035 $a(PQKB)11192155 035 $a(MiAaPQ)EBC1192415 035 $a(Au-PeEL)EBL1192415 035 $a(CaPaEBR)ebr10713926 035 $a(CaONFJC)MIL493500 035 $a(OCoLC)847140133 035 $a(OCoLC)849915132 035 $a(EXLCZ)992670000000358947 100 $a20180706e20111981 uy 0 101 0 $aeng 135 $aur|n|---||||| 181 $ctxt 182 $cc 183 $acr 200 10$aEconomic efficiency and social welfare $eselected essays on fundamental aspects of the economic theory of social welfare /$fE.J. Mishan 210 1$aAbingdon, Oxon ;$aNew York :$cRoutledge,$d2011. 215 $a1 online resource (290 p.) 225 1 $aRoutledge revivals 300 $a"First published in 1981 by George Allen & Unwin Ltd"--T.p. verso. 311 $a0-415-68497-8 311 $a0-415-68235-5 320 $aIncludes bibliographical references and index. 327 $apt. 1. Economic criteria -- pt. 2. Economic rent or surplus -- pt. 3. Externalities -- pt. 4. Project evaluation -- pt. 5. Reflections on economic efficiency and social welfare. 330 $aFirst published in 1981, Professor Mishan's Economic Efficiency and Social Welfare: Selected Essays on Fundamental Aspects of the Economic Theory of Social Welfare is a collection of 22 pioneering essays written while the author was teaching at the London School of Economics and chosen to indicate landmarks in the development of his own thought. Professor Mishan, who also enjoys an international reputation as a popular writer on the impact of modern economic growth on social welfare, is among the foremost authorities in the field of resource allocation, and his influence in his sub 410 0$aRoutledge revivals. 606 $aWelfare economics 606 $aExternalities (Economics) 606 $aEconomic development projects$xEvaluation 606 $aCost effectiveness 608 $aElectronic books. 615 0$aWelfare economics. 615 0$aExternalities (Economics) 615 0$aEconomic development projects$xEvaluation. 615 0$aCost effectiveness. 676 $a330.155 700 $aMishan$b E. J$g(Edward J.),$f1917-,$024593 801 0$bMiAaPQ 801 1$bMiAaPQ 801 2$bMiAaPQ 906 $aBOOK 912 $a9910463037503321 996 $aSocial welfare$9513008 997 $aUNINA LEADER 00920nam a2200253 a 4500 001 991001775089707536 008 020 $a052182043x 035 $ab12195236-39ule_inst 040 $aDip.to Lingue $bita 100 1 $aFoakes, R. A.$0163791 245 10$aShakespeare and violence 260 $aCambridge :$bCambridge University Press,$c2003 300 $a224 p. ;$c23 cm. 546 $aInglese 600 14$aShakespeare, William$xAspetti politici e sociali 650 14$aLetteratura e società$zInghilterra$xStoria$ySec.16 650 24$aViolenza nella letteratura 907 $a.b12195236$b02-04-14$c15-09-03 912 $a991001775089707536 945 $aLE012 828.33 D FOA$g1$i2012000039155$lle012$o-$pE0.00$q-$rl$s- $t0$u2$v0$w2$x0$y.i12564953$z15-09-03 996 $aShakespeare and violence$9157062 997 $aUNISALENTO 998 $ale012$b - - $cm$da $e-$feng$guk $h0$i1